Between the `governance' model and the policy evaluation act: new public management in Japan (Record no. 59414)

000 -LEADER
fixed length control field 01434pab a2200169 454500
008 - FIXED-LENGTH DATA ELEMENTS--GENERAL INFORMATION
fixed length control field 180718b2003 xxu||||| |||| 00| 0 eng d
100 ## - MAIN ENTRY--PERSONAL NAME
Personal name Kudo, Hiroko
245 ## - TITLE STATEMENT
Title Between the `governance' model and the policy evaluation act: new public management in Japan
260 ## - PUBLICATION, DISTRIBUTION, ETC.
Date of publication, distribution, etc. 2003
300 ## - PHYSICAL DESCRIPTION
Extent p.483-504.
362 ## - DATES OF PUBLICATION AND/OR SEQUENTIAL DESIGNATION
Dates of publication and/or sequential designation Dec
520 ## - SUMMARY, ETC.
Summary, etc. This article tries to describe Japanese NPM (New Public Management) from two opposite poles: from the national legislative framework and from an experimental example in local government. Since the late 1990s, although NPM was developed from Anglo-Saxon experiences, it has been implemented in Japan at the national level in a unique manner. The crisis in public finance, the urgent need for public sector reform and political instability led to two extreme options: self-reform by the bureaucracy itself; and citizen empowerment resulting in pressure on the bureaucracy. While the second one has been struggling to obtain public consensus, expertise for its practice and institutionalization, the first has resulted, to a certain extent, in the reorganization and restructuring of administrative institutions and in the establishment of both a legal framework and an operational system for measuring performance and evaluating policy. - Reproduced.
650 ## - SUBJECT ADDED ENTRY--TOPICAL TERM
Topical term or geographic name entry element Good governance
650 ## - SUBJECT ADDED ENTRY--TOPICAL TERM
Topical term or geographic name entry element Public administration
773 ## - HOST ITEM ENTRY
Main entry heading International Review of Administrative Sciences
909 ## -
-- 59414
Holdings
Withdrawn status Lost status Damaged status Not for loan Permanent Location Current Location Date acquired Serial Enumeration / chronology Barcode Date last seen Price effective from Koha item type
        Indian Institute of Public Administration Indian Institute of Public Administration 2018-07-19 Volume no: 69, Issue no: 4 AR59859 2018-07-19 2018-07-19 Articles

Powered by Koha